00338nam a2200121 a 450000500170000000800410001702000190005805000260007710000170010324500550012026000320017530000090020720140412111327.0110128s19uu xx 00 eng d a0-439-385531-8 aTR(GS 745.4bEv1 2006 aEvans, Linda aArt Projects from around the world /cLinda Evans. aU.S.A :bScholastic,c2006. a64p.